The earthscan atlas series, 11 vols : (Record no. 15929)
[ view plain ]
| 000 -LEADER | |
|---|---|
| fixed length control field | 01530nam a2200241 a 4500 |
| 001 - CONTROL NUMBER | |
| control field | ASIN184407000X |
| 005 - DATE AND TIME OF LATEST TRANSACTION | |
| control field | 20170105102928.0 |
| 008 - FIXED-LENGTH DATA ELEMENTS--GENERAL INFORMATION | |
| fixed length control field | 131216s2003 xxu eng d |
| 020 ## - INTERNATIONAL STANDARD BOOK NUMBER | |
| International Standard Book Number | 184407000X (paperback) |
| Terms of availability | $25.00 |
| 020 ## - INTERNATIONAL STANDARD BOOK NUMBER | |
| International Standard Book Number | 9781844070008 (paperback) |
| 040 ## - CATALOGING SOURCE | |
| Original cataloging agency | 0 |
| 050 04 - LIBRARY OF CONGRESS CALL NUMBER | |
| Classification number | G1046.R1 |
| 082 04 - DEWEY DECIMAL CLASSIFICATION NUMBER | |
| Classification number | 327.1 |
| Author Mark | SMI 2003 |
| 100 1# - MAIN ENTRY--PERSONAL NAME | |
| Personal name | Smith, Dan. |
| 245 14 - TITLE STATEMENT | |
| Title | The earthscan atlas series, 11 vols : |
| Remainder of title | the atlas of war and peace / |
| Statement of responsibility, etc. | Dan Smith. |
| 260 ## - PUBLICATION, DISTRIBUTION, ETC. | |
| Place of publication, distribution, etc. | [S.l.] : |
| Name of publisher, distributor, etc. | Earthscan, |
| Date of publication, distribution, etc. | 2003. |
| 300 ## - PHYSICAL DESCRIPTION | |
| Extent | 128 p. ; |
| Dimensions | 25 cm. |
| 520 ## - SUMMARY, ETC. | |
| Summary, etc. | At rare moments it seems a new era is starting before our eyes and history is about to change very fast. September 11, 2001 was such a moment. The latest edition of this classic reference takes us beyond the headlines. It provides a global overview of the causes and consequences of war today and the dynamics of peacemaking. It analyses current wars, their backgrounds, their trends and their prospects on every continent. From Iraq to Sierra Leone, the Middle East to Northern Ireland, Colombia to Afghanistan, The Atlas of War and Peace maps the problem of war and the challenge of peace in the 21st century. Its unique format gives shape and meaning to the statistics about the world's war zones and armed forces, and makes it an indispensable resource for understanding the world we live in. |
| 650 #0 - SUBJECT ADDED ENTRY--TOPICAL TERM | |
| Topical term or geographic name entry element | Military history, Modern |
| 650 #0 - SUBJECT ADDED ENTRY--TOPICAL TERM | |
| Topical term or geographic name entry element | World politics |
| 856 40 - ELECTRONIC LOCATION AND ACCESS | |
| Materials specified | Amazon.com |
| Uniform Resource Identifier | <a href="http://www.amazon.com/exec/obidos/ASIN/184407000X/chopaconline-20">http://www.amazon.com/exec/obidos/ASIN/184407000X/chopaconline-20</a> |
| 942 ## - ADDED ENTRY ELEMENTS (KOHA) | |
| Source of classification or shelving scheme | |
| Koha item type | Book |
| Withdrawn status | Lost status | Damaged status | Not for loan | Collection code | Permanent Location | Current Location | Shelving location | Date acquired | Total Checkouts | Full call number | Barcode | Date last seen | Date last checked out | Price effective from | Koha item type |
|---|---|---|---|---|---|---|---|---|---|---|---|---|---|---|---|
| Centre for International Peace & Stability (CIPS) | Centre for International Peace & Stability (CIPS) | General Stacks | 10/02/2013 | 1 | 327.1 SMI 2003 | CIPS0002171 | 05/06/2024 | 03/21/2024 | 12/16/2013 | Book |
